000 00293nam a22001337a 4500
008 170526b xxu||||| |||| 00| 0 eng d
020 _a9780887306402
041 _aeng
080 _a62
100 _a25
101 _aim
245 _aREENGINEERING CORPORATION
_cHAMMER.M
942 _2udc
_cBK
999 _c14310
_d14310